| 000 | 00527nam a2200145Ia 4500 | ||
|---|---|---|---|
| 008 | 250506s9999 xx 000 0 und d | ||
| 024 | _a15B-069-BS, 15B-066-BS & 15B-071-BS | ||
| 082 | _a004.23072 MUH | ||
| 100 | _aMuhammad Fahad Ali, Mirza Rameez Baig & Ibrahim Ahmed | ||
| 245 | 0 | _aMAHASIB | |
| 260 |
_aKarachi: _bUIT, _c2015 |
||
| 600 | _aComputer Science | ||
| 650 | _aBachelor of Computer Science (BS) | ||
| 856 |
_uhttps://drive.google.com/file/d/1fb8mQtM-0LldBgWhwaZG42chOyhx0LWf/view?usp=sharing _yClick here for PDF |
||
| 999 |
_c28891 _d28891 |
||